01024nam a2200301Ia 450000500170000000800410001702000180005810000280007624500810010425000180018530000250020349000220022853400330025065000460028365000500032965000410037965000440042065000340046470000320049894200150053026400280054533600270057333700330060033800280063304000350066108400110069699900150070720220317001331.0161108s9999 sp g 000 0 spa  a97884953112141 aVerne, Juliod1828-190510aViaje al centro de la tierracJules Verne ; traducción Victoriano Tataña a5a. edición a252 páginasc19 cm aEl barco de papel tVoyage au centre de la terre142LEMBaNovela juvenil francesa ySiglo XIX14aNovela juvenil fantástica ySiglo XIX2LEMB142LEMBaLiteratura francesaySiglo XIX142LEMBaNarraciones de ciencia ficción 142LEMB aHistoria de aventuras 1 aTataña, Victoriano970849 2loccBKLIT aMadridbJorge A. Mestas atextobtxt2rdacontent asin mediaciónbn2rdamedia avolumenbnc2rdacarrier aCO-BoRNBPbspaerdacCO-BoRNBP aN VER2 c6648d6648